UBT Library

INTRODUCTION TO LINGUISTICS (Record no. 20772)

000 -LEADER
fixed length control field 00297nam a22001337a 4500
008 - FIXED-LENGTH DATA ELEMENTS--GENERAL INFORMATION
fixed length control field 170714b xxu||||| |||| 00| 0 eng d
020 ## - INTERNATIONAL STANDARD BOOK NUMBER
International Standard Book Number 9780070681521
041 ## - LANGUAGE CODE
Language code of text/sound track or separate title eng
080 ## - UNIVERSAL DECIMAL CLASSIFICATION NUMBER
Universal Decimal Classification number 05
100 ## - Rafti
Rafti 22
101 ## - Shkurtesa
Shkurtesa GJL
245 ## - TITLE STATEMENT
Title INTRODUCTION TO LINGUISTICS
Statement of responsibility, etc WARDHAUGH,R
942 ## - ADDED ENTRY ELEMENTS (KOHA)
Source of classification or shelving scheme
Item type Books
Holdings
Withdrawn status Lost status Source of classification or shelving scheme Damaged status Not for loan Collection code Permanent location Current location Shelving location Date acquired Total Checkouts Full call number Barcode Date last seen Price effective from Koha item type
          Koleksioni i përgjithshem UBT - Lipjan UBT - Lipjan Koleksioni i përgjithshem 07/14/2017   05 WAR 002-2911091 07/14/2017 07/14/2017 Books
UBT Library © 2015-2024. All rights reserved University Education for Business and Technology